Signes astrologiques par dates - Statistiques

Statistiques générales
  • Ce quiz a été pris 1 680 fois
  • Le résultat moyen est 10 sur 12
Statistiques - réponses
Dates Signe Astrologique % Correct
23/07 - 23/08 Lion
91%
21/03 - 19/04 Bélier
90%
22/12 - 19/01 Capricorne
89%
20/02 - 20/03 Poisson
88%
24/08 - 22/09 Vierge
87%
23/09 - 22/10 Balance
86%
22/11 - 21/12 Sagittaire
86%
23/10 - 21/11 Scorpion
86%
20/04 - 20/05 Taureau
86%
21/06 - 22/07 Cancer
85%
21/05 - 20/06 Gémeaux
83%
20/01 - 19/02 Verseau
83%
Aucun quiz correspondant
Distribution des résultats
% des personnes avec chaque résultat
Percentile par nombre de réponses
Votre historique - résultats
Vous n’avez pas pris ce quiz